Statistics for 20 Most Popular Anime

Click here to take the quiz!

General Stats

  • This quiz has been taken 2,334 times
  • The average score is 7 of 20

Answer Stats

HintAnswer% Correct
Naruto Shippuuden
93%
One Piece
86%
Bleach
75%
Shingeki No Kyojin
69%
Dragon Ball Z
68%
Fullmetal Alchemist Brotherhood
50%
Fairy Tail
43%
Hunter x Hunter
40%
Sword Art Online
40%
Tokyo Ghoul
35%
Gintama
19%
No Game No Life
10%
Kill La Kill
9%
Detective Conan
8%
Akame Ga Kill!
7%
Kuroko No Basket
6%
Log Horizon
2%
Katekyo Hitman Reborn!
1%
Kiseijuu: Sei No Kakuritsu
0%
Mahouka Koukou No Rettousei
0%

Score Distribution

Percentile by Number Answered

Percent of People with Each Score

Your Score History

You have not taken this quiz